ARRUPE JESUIT UNIVERSITY

CORONAVIRUS -STOP THE SPREAD - CLEAN,DISINFECT,COVER

Power and Market (Record no. 3667)

MARC details
000 -LEADER
fixed length control field 00479nam a2200205Ia 4500
003 - CONTROL NUMBER IDENTIFIER
control field 0100
008 - FIXED-LENGTH DATA ELEMENTS--GENERAL INFORMATION
fixed length control field 130227s9999 xx 000 0 und d
040 ## - CATALOGING SOURCE
Transcribing agency ARRUPELIB
050 ## - LIBRARY OF CONGRESS CALL NUMBER
Classification number JC507.R64
100 ## - MAIN ENTRY--PERSONAL NAME
Personal name Rothbard, Murray
245 ## - TITLE STATEMENT
Title Power and Market
245 ## - TITLE STATEMENT
Remainder of title government and the economy
250 ## - EDITION STATEMENT
Edition statement 2nd. ed.
260 ## - PUBLICATION, DISTRIBUTION, ETC. (IMPRINT)
Place of publication, distribution, etc Kansas City
260 ## - PUBLICATION, DISTRIBUTION, ETC. (IMPRINT)
Name of publisher, distributor, etc Sheed Andrews and McMeel, Inc.
260 ## - PUBLICATION, DISTRIBUTION, ETC. (IMPRINT)
-- 1977
300 ## - PHYSICAL DESCRIPTION
Extent xiv
300 ## - PHYSICAL DESCRIPTION
Other physical details 304p. 23cm.
942 ## - ADDED ENTRY ELEMENTS (KOHA)
Source of classification or shelving scheme Library of Congress Classification
Koha issues (borrowed), all copies 3
Holdings
Withdrawn status Lost status Source of classification or shelving scheme Damaged status Not for loan Collection code Home library Current library Shelving location Date acquired Total Checkouts Full call number Barcode Date last seen Date last borrowed Copy number Price effective from Koha item type
    Library of Congress Classification     Main Collection ARRUPE LIBRARY ARRUPE LIBRARY   27/02/2013 3 JC507.R64 46404827 29/06/2018 03/10/2013 1 27/02/2013 Monograph ( Printed materials)

 

Arrupe Library. PO Box MP320 Mt Pleasant, Harare, Zimbabwe
263 242 745411|librarian@aju.ac.zw